| 000 | | | 05216cmc2a2200000 x 450 |
| 001 | | | ab3534aa-6e80-4e86-8eea-195500c7ffaf |
| 005 | | | 20161013173214.0 |
| 200 | 1# | $a | Карта донационных земель Выборгского уезда. Полуватман |
| | $j | 1772 |
| 300 | ## | $a | Заголовок дела также: Карта донационных земель Выборгского уезда 1772 года. Полуватман |
| 300 | ## | $a | Бумага. Тушь, карандаш, акварель |
| 300 | ## | $a | Рукописный текст. Чернила |
| 300 | ## | $a | На шведском языке |
| 937 | ## | $h | ПБ |
| 801 | #0 | $a | RU |
| | $b | ПБ им. Б.Н. Ельцина |
| | $c | 20150423 |
| 801 | #1 | $2 | rusmarc |
| | $a | RU |
| | $b | ПБ им. Б.Н. Ельцина |
| | $c | 20161011 |
| 801 | #2 | $2 | rusmarc |
| | $a | RU |
| | $b | ПБ им. Б.Н. Ельцина |
| | $c | 20161011 |
| | $g | RCR |
| 517 | 1# | $a | Карта донационных земель Выборгского уезда 1772 года. Полуватман |
| 100 | ## | $a | 20161011l17721772k y0rusy са |
| 101 | 0# | $a | swe |
| 122 | 0# | $a | d1772###### |
| 120 | ## | $a | baa |
| 121 | ## | $a | aaaa a |
| 123 | 1# | $a | a |
| 124 | ## | $a | a |
| | $b | d |
| 215 | ## | $a | 1 лист |
| 251 | ## | $c | Документ |
| 461 | #0 | $1 | 001c4c30068-c070-47bb-88e5-61dd43074524 |
| | $1 | 2001 |
| | $a | Карты, планы, чертежи г. Выборга, Выборгской, Куопиоской, Миккельской губерний |
| | $1 | 251 |
| | $c | Фонд |
| | $1 | 852 |
| | $j | 531 |
| 462 | #0 | $1 | 0019a75f7fa-d3a6-4108-9e3d-0cd6123cd871 |
| | $1 | 2000 |
| | $a | Оп. 1 |
| | $v | Ед. хр. 30 |
| | $1 | 251 |
| | $c | Опись |
| | $1 | 852 |
| | $j | 1 |
| 850 | ## | $a | Государственное казённое учреждение "Ленинградский областной государственный архив в г. Выборге" (ЛОГАВ) |
| 852 | ## | $a | Лен. обл. гос. архив в г. Выборге |
| | $j | 30 |
| 606 | 1# | $2 | prlib_sh |
| | $3 | LIBNET\UAF\0000064403 |
| | $a | Жалованные земли |
| | $j | Карты |
| | $y | Выборгская губерния |
| 686 | ## | $2 | rubbk |
| | $a | 63.3(28-8Выб)я64 |
| | $v | LBC/M |
| 617 | ## | $2 | prlib_sh |
| | $c | Ленинградская область |
| 617 | ## | $c | Выборгская губерния |
| | $2 | prlib_sh |
| 605 | ## | $2 | acquisition_Prlib |
| | $3 | LIBNET\UAF\0000011043 |
| | $a | Ленинградская область: страницы истории |
| | $l | коллекция |
| 605 | ## | $a | Территория России: Ленинградская область |
| | $l | коллекция |
| | $2 | acquisition_Prlib |
| | $3 | LIBNET\UAF\0000039012 |
| 509 | 00 | $a | Выборгская губерния |
| | $c | части |
| | $l | Карты |